| 000 | 01098cam a2200337 a 4500 | ||
|---|---|---|---|
| 999 |
_c10327 _d10327 |
||
| 001 | 4849796 | ||
| 003 | GZU | ||
| 005 | 20220216145918.0 | ||
| 008 | 931130s1989 rh a b 001 0beng d | ||
| 010 | _a 90981842 | ||
| 020 | _a0869258311 | ||
| 035 | _a(OCoLC)24146560 | ||
| 040 |
_aMiEM _cMiEM _dFU _dMBU _dDLC |
||
| 042 | _alccopycat | ||
| 043 | _af-rh--- | ||
| 050 | 0 | 4 |
_aDT2975. _bBHE 1989 |
| 100 | 1 |
_aBhebe, Ngwabi. _eauthor |
|
| 245 | 1 | 0 |
_aB. Burombo : _bAfrican politics in Zimbabwe, 1947-1958 / _cNgwabi Bhebe. |
| 260 |
_aHarare, Zimbabwe : _bCollege Press, _c1989. |
||
| 300 |
_a160 p. : _bill. ; _c21 cm. |
||
| 500 | _aSpine title: Benjamin Burombo. | ||
| 500 | _aIncludes index. | ||
| 504 | _aIncludes bibliographical references (p. 150-157). | ||
| 600 | 1 | 0 |
_aBurombo, Benjamin, _d1909-1958. |
| 651 | 0 |
_aZimbabwe _xHistory _y1890-1965. |
|
| 651 | 0 |
_aZimbabwe _xPolitics and government _y1890-1965. |
|
| 740 | 0 | _aBenjamin Burombo. | |
| 740 | 0 | _aAfrican politics in Zimbabwe, 1947-1958. | |
| 906 |
_a7 _bcbc _ccopycat _d3 _encip _f19 _gy-gencatlg |
||
| 942 |
_2lcc _cBK _h2975 _iBHE _kDT |
||